Signal processing and linear systems (Record no. 1319)

000 -LEADER
fixed length control field 00543nam a2200205 a 4500
001 - CONTROL NUMBER
control field 1319
003 - CONTROL NUMBER IDENTIFIER
control field BD-DhUET
008 - FIXED-LENGTH DATA ELEMENTS--GENERAL INFORMATION
fixed length control field 980109s1998 caua b 001 0 eng
020 ## - INTERNATIONAL STANDARD BOOK NUMBER
International Standard Book Number 0941413357
040 ## - CATALOGING SOURCE
Original cataloging agency DLC
Transcribing agency DLC
Modifying agency BD-DhUET
082 00 - DEWEY DECIMAL CLASSIFICATION NUMBER
Classification number 623.22
Item number LAT/1998
100 ## - MAIN ENTRY--PERSONAL NAME
Personal name Lathi B. P.
245 10 - TITLE STATEMENT
Title Signal processing and linear systems
250 ## - EDITION STATEMENT
Edition statement 1st ed
260 ## - PUBLICATION, DISTRIBUTION, ETC. (IMPRINT)
Place of publication, distribution, etc. New York
Name of publisher, distributor, etc. Oxford University Press
Date of publication, distribution, etc. 1998
300 ## - PHYSICAL DESCRIPTION
Extent x, 850 p.
Other physical details ill.
Dimensions 24 cm.
504 ## - BIBLIOGRAPHY, ETC. NOTE
Bibliography, etc Includes bibliographies
650 #0 - SUBJECT ADDED ENTRY--TOPICAL TERM
Topical term or geographic name as entry element Digital signal processing
942 ## - ADDED ENTRY ELEMENTS (KOHA)
Koha item type General Book
Holdings
Koha date last borrowed Withdrawn status Source of classification or shelving scheme Shelving location Lost status Not for loan Sublocation or collection (holding branch) Koha item type Location (home branch) Copy number Koha date last seen Price effective from Damaged status Koha full call number Koha issues (times borrowed) Koha normalized classification for sorting Koha renewals Piece designation (barcode) Date acquired
   Circulation section  Central Library, BUETGeneral BookCentral Library, BUET12019-09-142014-09-03 623.22/LAT/1998 623_000000000000000_22LAT199821038562014-09-03
   Circulation section  Central Library, BUETGeneral BookCentral Library, BUET22014-09-032014-09-03 623.22/LAT/1998 623_000000000000000_22LAT1998 1038572014-09-03
2015-06-13  Circulation section  Central Library, BUETGeneral BookCentral Library, BUET32017-08-192014-09-03 623.22/LAT/19981623_220000000000000_LAT_1998 1038592014-09-03
2015-10-20  Circulation section  Central Library, BUETGeneral BookCentral Library, BUET42017-01-082014-09-03 623.22/LAT/19981623_000000000000000_22LAT1998 1038602014-09-03
2015-05-25  Circulation section  Central Library, BUETGeneral BookCentral Library, BUET52017-04-112014-09-03 623.22/LAT/19981623_000000000000000_22LAT1998 1038632014-09-03
2015-05-25  Circulation section  Central Library, BUETGeneral BookCentral Library, BUET62017-06-132014-09-03 623.22/LAT/19981623_000000000000000_22LAT1998 1038642014-09-03
   Circulation section  Central Library, BUETGeneral BookCentral Library, BUET72017-08-202014-09-03 623.22/LAT/1998 623_000000000000000_22LAT1998 1038652014-09-03
   Circulation section  Central Library, BUETGeneral BookCentral Library, BUET82017-10-102014-11-18 623.22/LAT/1998 623_000000000000000_22LAT1998 1038582014-11-18
2017-04-18  Circulation section  Central Library, BUETGeneral BookCentral Library, BUET92017-05-312014-12-02 623.22 LAT/19981623_220000000000000_LAT1998 1038612014-12-02
   Circulation section  Central Library, BUETGeneral BookCentral Library, BUET102017-02-062015-06-03 623.22/LAT/1998 623_220000000000000_LAT_199821000352015-06-03
2025-09-07  Circulation section  Central Library, BUETGeneral BookCentral Library, BUET112025-09-172017-10-31 623.22/LAT/19982623_220000000000000_LAT_1998 1038622007-05-28